Grupo de los Tres. Colombia-Mexico-Venezuela / (Registro nro. 5948)

Detalles MARC
000 -LEADER
fixed length control field 00966nam a2200229Ia 4500
003 - CONTROL NUMBER IDENTIFIER
control field OSt
005 - DATE AND TIME OF LATEST TRANSACTION
control field 20200910102141.0
008 - FIXED-LENGTH DATA ELEMENTS--GENERAL INFORMATION
fixed length control field 191128s1993 ck gr 000 0 spa d
020 ## - INTERNATIONAL STANDARD BOOK NUMBER
International Standard Book Number 9589528236
040 ## - CATALOGING SOURCE
Original cataloging agency CO-JMCR
Transcribing agency CO-JMCR
041 0# - LANGUAGE CODE
Language code of text/sound track or separate title spa
082 24 - DEWEY DECIMAL CLASSIFICATION NUMBER
Classification number 382.918 /
Item number M357g
Edition number 23
110 2# - MAIN ENTRY--CORPORATE NAME
Corporate name or jurisdiction name as entry element Ministerio de Relaciones Exteriores de Colombia
9 (RLIN) 10146
245 10 - TITLE STATEMENT
Title Grupo de los Tres. Colombia-Mexico-Venezuela /
Statement of responsibility, etc. Ministerio de Relaciones Exteriores de Colombia
260 ## - PUBLICATION, DISTRIBUTION, ETC.
Place of publication, distribution, etc. Bogotá :
Name of publisher, distributor, etc. Punto Gráfico,
Date of publication, distribution, etc. 1993.
300 ## - PHYSICAL DESCRIPTION
Extent 183 páginas ;
Dimensions 21 x 24 cm
300 ## - PHYSICAL DESCRIPTION
Dimensions
505 0# - FORMATTED CONTENTS NOTE
Formatted contents note Reseña historica -- Lineamientos generales para el funcionamiento del grupo de los tres -- Reuniones de presidentes -- Reuniones de cancilleres -- Grupos de alto nivel : Instalaciones -- Situación de los grupos de alto nivel: Logros y perspectivas
650 24 - SUBJECT ADDED ENTRY--TOPICAL TERM
Topical term or geographic name entry element Relaciones exteriores
Geographic subdivision Colombia
9 (RLIN) 10147
650 24 - SUBJECT ADDED ENTRY--TOPICAL TERM
Topical term or geographic name entry element Relaciones exteriores
Geographic subdivision México
9 (RLIN) 10148
942 ## - ADDED ENTRY ELEMENTS (KOHA)
Source of classification or shelving scheme Dewey Decimal Classification
Koha item type Books
Existencias
Withdrawn status Lost status Source of classification or shelving scheme Materials specified (bound volume or other part) Damaged status Not for loan Home library Current library Shelving location Date acquired Source of acquisition Full call number Barcode Date last seen Copy number Price effective from Koha item type
    Dewey Decimal Classification Donación--15/04/2018--     Biblioteca Pública José María del Castillo y Rada Biblioteca Pública José María del Castillo y Rada General Stacks 11/28/2019 Donación 382.918 / M357g 430010918 05/16/2024 Ej.1 11/28/2019 Books